[Event "Torneo Benidorm Gran Hotel Bali - B 2022"]
[Site "Benidorm ESP"]
[Date "2022.12.06"]
[Round "4.6"]
[White "Exposito Milan, Adrian"]
[Black "Ramadugu, Akshay"]
[Result "0-1"]
[WhiteElo "1948"]
[BlackElo "1812"]
[PlyCount "74"]
[EventDate "2022.12.03"]
[EventType "swiss"]
[EventRounds "9"]
[EventCountry "ESP"]
[SourceTitle "Ajedrez en Madrid"]
[Source "lmi"]
[SourceDate "2022.12.03"]
[SourceVersion "1"]
[SourceVersionDate "2022.12.10"]
[SourceQuality "1"]

1. d4 {[%emt 0:04:25]} d5 {[%emt 0:04:51]} 2. Bf4 {[%emt 0:00:47]} Nf6 {[%emt 0:00:31]} 3. e3 {[%emt 0:00:58]} c5 {[%emt 0:00:51]} 4. Nf3 {[%emt 0:00:11]} Nc6 {[%emt 0:00:42]} 5. Nbd2 {[%emt 0:00:48]} e6 {[%emt 0:00:16]} 6. c3 {[%emt 0:01:57]} h6 {[%emt 0:00:38]} 7. Bb5 {[%emt 0:06:39]} Bd7 {[%emt 0:01:46]} 8. h4 {[%emt 0:08:23]} Qb6 {[%emt 0:15:15]} 9. Bxc6 {[%emt 0:07:44]} bxc6 {[%emt 0:03:36]} 10. O-O {[%emt 0:10:20]} cxd4 {[%emt 0:04:38]} 11. exd4 {[%emt 0:02:49]} c5 {[%emt 0:06:02]} 12. Qb3 {[%emt 0:05:20]} Qa6 {[%emt 0:25:02]} 13. a4 {[%emt 0:13:00]} cxd4 {[%emt 0:03:09]} 14. Nxd4 {[%emt 0:03:00]} Bd6 {[%emt 0:08:05]} 15. Bxd6 {[%emt 0:01:40]} Qxd6 {[%emt 0:00:03]} 16. Qa3 {[%emt 0:04:34]} Qf4 {[%emt 0:02:19]} 17. N2f3 {[%emt 0:00:17]} g5 {[%emt 0:05:11]} 18. g3 {[%emt 0:01:18]} Qg4 {[%emt 0:00:46]} 19. Ne5 {[%emt 0:01:07]} Qh3 {[%emt 0:03:44]} 20. Qd6 {[%emt 0:15:11]} Rd8 {[%emt 0:00:30]} 21. Nxd7 {[%emt 0:03:40]} Ng4 {[%emt 0:03:52]} 22. Nf3 {[%emt 0:05:42]} Rxd7 {[%emt 0:00:48]} 23. Qb8+ {[%emt 0:00:04]} Rd8 {[%emt 0:00:05]} 24. Qb5+ {[%emt 0:00:57]} Kf8 {[%emt 0:00:07]} 25. Qb4+ {[%emt 0:00:24]} Kg7 {[%emt 0:00:06]} 26. h5 {[%emt 0:01:31]} e5 {[%emt 0:00:45]} 27. Rfe1 {[%emt 0:00:37]} e4 {[%emt 0:01:17]} 28. Qd4+ {[%emt 0:00:26]} Kh7 {[%emt 0:00:24]} 29. Nd2 {[%emt 0:00:27]} Rhe8 {[%emt 0:01:26]} 30. Nf1 {[%emt 0:00:36]} Ne5 {[%emt 0:00:09]} 31. Nh2 {[%emt 0:00:27]} g4 {[%emt 0:00:48]} 32. Re3 {[%emt 0:00:35]} Nf3+ {[%emt 0:01:15]} 33. Nxf3 {[%emt 0:00:27]} gxf3 {[%emt 0:00:38]} 34. Rxf3 {[%emt 0:00:30]} exf3 {[%emt 0:00:04]} 35. Qd3+ {[%emt 0:00:01]} Kg8 {[%emt 0:00:25]} 36. Qxf3 {[%emt 0:00:22]} Re5 {[%emt 0:01:18]} 37. Qf6 {[%emt 0:00:26]} Rde8 {[%emt 0:00:40]} 0-1

[Event "Torneo Benidorm Gran Hotel Bali - B 2022"]
[Site "Benidorm ESP"]
[Date "2022.12.06"]
[Round "4.7"]
[White "Saheb, Kamel"]
[Black "Kushal, O."]
[Result "0-1"]
[WhiteElo "1903"]
[BlackElo "1801"]
[PlyCount "90"]
[EventDate "2022.12.03"]
[EventType "swiss"]
[EventRounds "9"]
[EventCountry "ESP"]
[SourceTitle "Ajedrez en Madrid"]
[Source "lmi"]
[SourceDate "2022.12.03"]
[SourceVersion "1"]
[SourceVersionDate "2022.12.10"]
[SourceQuality "1"]

1. d4 {[%emt 0:00:48]} Nf6 {[%emt 0:09:39]} 2. Bg5 {[%emt 0:00:35]} g6 {[%emt 0:00:10]} 3. Bxf6 {[%emt 0:01:05]} exf6 {[%emt 0:00:02]} 4. e3 {[%emt 0:00:09]} d5 {[%emt 0:00:04]} 5. g3 {[%emt 0:00:27]} h5 {[%emt 0:00:04]} 6. h4 {[%emt 0:01:08]} c6 {[%emt 0:00:43]} 7. Bg2 {[%emt 0:00:18]} Bg4 {[%emt 0:00:03]} 8. Ne2 {[%emt 0:00:59]} Nd7 {[%emt 0:00:27]} 9. Qd3 {[%emt 0:10:01]} Nb6 {[%emt 0:04:18]} 10. Nd2 {[%emt 0:04:03]} a5 {[%emt 0:04:30]} 11. c4 {[%emt 0:13:59]} Bb4 {[%emt 0:20:35]} 12. Nc3 {[%emt 0:02:05]} dxc4 {[%emt 0:02:22]} 13. Nxc4 {[%emt 0:00:46]} O-O {[%emt 0:01:40]} 14. O-O {[%emt 0:02:38]} Re8 {[%emt 0:02:23]} 15. Nxb6 {[%emt 0:11:09]} Qxb6 {[%emt 0:00:02]} 16. Na4 {[%emt 0:00:49]} Qc7 {[%emt 0:02:22]} 17. Rac1 {[%emt 0:01:11]} Bd6 {[%emt 0:00:49]} 18. Nc3 {[%emt 0:03:31]} Qe7 {[%emt 0:01:39]} 19. d5 {[%emt 0:11:20]} Rad8 {[%emt 0:03:01]} 20. Qc4 {[%emt 0:00:36]} c5 {[%emt 0:21:24]} 21. Ne4 {[%emt 0:13:11]} b6 {[%emt 0:01:39]} 22. Nxd6 {[%emt 0:03:38]} Qxd6 {[%emt 0:02:09]} 23. Rc3 {[%emt 0:00:29]} Re7 {[%emt 0:04:24]} 24. Qf4 {[%emt 0:03:19]} Re5 {[%emt 0:02:11]} 25. a3 {[%emt 0:01:13]} b5 {[%emt 0:01:29]} 26. b4 {[%emt 0:00:55]} axb4 {[%emt 0:01:23]} 27. axb4 {[%emt 0:00:27]} c4 {[%emt 0:00:11]} 28. Ra3 {[%emt 0:00:44]} Kg7 {[%emt 0:03:04]} 29. Ra7 {[%emt 0:01:33]} Qxb4 {[%emt 0:00:52]} 30. Rfa1 {[%emt 0:00:32]} Re7 {[%emt 0:01:11]} 31. R1a6 {[%emt 0:02:22]} Bf5 {[%emt 0:05:25]} 32. e4 {[%emt 0:05:15]} Rxa7 {[%emt 0:04:34]} 33. Rxa7 {[%emt 0:00:09]} Bc8 {[%emt 0:00:46]} 34. Ra8 {[%emt 0:05:19]} Qe7 {[%emt 0:01:12]} 35. Rb8 {[%emt 0:00:22]} Bd7 {[%emt 0:00:20]} 36. d6 {[%emt 0:00:44]} Qe8 {[%emt 0:00:06]} 37. Rxd8 {[%emt 0:00:11]} Qxd8 {[%emt 0:00:01]} 38. e5 {[%emt 0:00:26]} fxe5 {[%emt 0:00:31]} 39. Qxe5+ {[%emt 0:00:04]} Qf6 {[%emt 0:00:05]} 40. Qc5 {[%emt 0:00:33]} c3 {[%emt 0:01:00]} 41. Qc7 {[%emt 0:01:30]} Be6 {[%emt 0:01:03]} 42. Bd5 {[%emt 0:00:27]} Bxd5 {[%emt 0:00:52]} 43. d7 {[%emt 0:00:15]} Qf3 {[%emt 0:00:20]} 44. Qe5+ {[%emt 0:00:23]} Kh7 {[%emt 0:00:12]} 45. Kf1 {[%emt 0:00:18]} Bc4+ {[%emt 0:00:21]} 0-1

[Event "Torneo Benidorm Gran Hotel Bali - B 2022"]
[Site "Benidorm ESP"]
[Date "2022.12.06"]
[Round "4.8"]
[White "Fernandez Lopez, Francisco J."]
[Black "Perez Sodupe, Cecilia"]
[Result "1/2-1/2"]
[WhiteElo "1925"]
[BlackElo "1836"]
[PlyCount "83"]
[EventDate "2022.12.03"]
[EventType "swiss"]
[EventRounds "9"]
[EventCountry "ESP"]
[SourceTitle "Ajedrez en Madrid"]
[Source "lmi"]
[SourceDate "2022.12.03"]
[SourceVersion "1"]
[SourceVersionDate "2022.12.10"]
[SourceQuality "1"]

1. d4 {[%emt 0:00:07]} d5 {[%emt 0:00:11]} 2. c4 {[%emt 0:00:14]} e6 {[%emt 0:00:10]} 3. Nc3 {[%emt 0:00:14]} Nf6 {[%emt 0:00:10]} 4. Nf3 {[%emt 0:00:19]} Be7 {[%emt 0:00:40]} 5. Bg5 {[%emt 0:00:19]} O-O {[%emt 0:00:27]} 6. e3 {[%emt 0:00:12]} b6 {[%emt 0:01:35]} 7. Rc1 {[%emt 0:01:29]} Bb7 {[%emt 0:00:20]} 8. cxd5 {[%emt 0:00:35]} exd5 {[%emt 0:00:21]} 9. Bd3 {[%emt 0:00:19]} c5 {[%emt 0:01:02]} 10. O-O {[%emt 0:00:41]} Nbd7 {[%emt 0:01:39]} 11. Re1 {[%emt 0:04:04]} Ne4 {[%emt 0:02:15]} 12. Bf4 {[%emt 0:06:50]} g5 {[%emt 0:02:34]} 13. Bg3 {[%emt 0:04:14]} h5 {[%emt 0:02:11]} 14. Nxg5 {[%emt 0:03:30]} Bxg5 {[%emt 0:05:05]} 15. Qxh5 {[%emt 0:11:57]} Ndf6 {[%emt 0:01:06]} 16. Qe2 {[%emt 0:00:17]} Nxg3 {[%emt 0:12:39]} 17. hxg3 {[%emt 0:01:15]} cxd4 {[%emt 0:00:26]} 18. f4 {[%emt 0:04:25]} Bxf4 {[%emt 0:00:17]} 19. Nxd5 {[%emt 0:04:33]} Bxg3 {[%emt 0:09:08]} 20. Qf3 {[%emt 0:03:18]} Qxd5 {[%emt 0:10:59]} 21. Qxg3+ {[%emt 0:00:19]} Kh8 {[%emt 0:00:28]} 22. Kf2 {[%emt 0:00:42]} Rg8 {[%emt 0:17:40]} 23. Qh4+ {[%emt 0:13:29]} Nh5 {[%emt 0:02:58]} 24. e4 {[%emt 0:07:15]} Qg5 {[%emt 0:03:25]} 25. Qxg5 {[%emt 0:04:44]} Rxg5 {[%emt 0:00:06]} 26. Rc7 {[%emt 0:00:42]} Rag8 {[%emt 0:04:57]} 27. Rh1 {[%emt 0:02:46]} Bc8 {[%emt 0:04:05]} 28. Rxf7 {[%emt 0:03:27]} Bg4 {[%emt 0:04:02]} 29. e5 {[%emt 0:02:15]} R8g7 {[%emt 0:01:53]} 30. Rf8+ {[%emt 0:00:26]} Rg8 {[%emt 0:00:05]} 31. Rf7 {[%emt 0:02:47]} R5g7 32. Rf6 {[%emt 0:00:50]} Re8 {[%emt 0:00:33]} 33. Rh6+ {[%emt 0:06:32]} Kg8 {[%emt 0:00:10]} 34. Bg6 {[%emt 0:00:23]} Rxe5 {[%emt 0:02:29]} 35. Bxh5 {[%emt 0:02:09]} Re2+ {[%emt 0:00:20]} 36. Kf1 {[%emt 0:00:23]} Bxh5 {[%emt 0:00:35]} 37. R1xh5 {[%emt 0:00:32]} Rxb2 {[%emt 0:00:39]} 38. Rd5 {[%emt 0:02:02]} Rc7 {[%emt 0:02:42]} 39. Kg1 {[%emt 0:00:27]} Rxa2 {[%emt 0:01:07]} 40. Rxd4 {[%emt 0:00:51]} Rac2 {[%emt 0:00:45]} 41. Rdd6 {[%emt 0:02:45]} Kg7 {[%emt 0:00:45]} 42. Rhg6+ {[%emt 0:00:12]} 1/2-1/2

[Event "Torneo Benidorm Gran Hotel Bali - B 2022"]
[Site "Benidorm ESP"]
[Date "2022.12.06"]
[Round "4.9"]
[White "Clausen, Karl Erik"]
[Black "Conde Chamizo, Pablo"]
[Result "1/2-1/2"]
[WhiteElo "1919"]
[BlackElo "1831"]
[PlyCount "60"]
[EventDate "2022.12.03"]
[EventType "swiss"]
[EventRounds "9"]
[EventCountry "ESP"]
[SourceTitle "Ajedrez en Madrid"]
[Source "lmi"]
[SourceDate "2022.12.03"]
[SourceVersion "1"]
[SourceVersionDate "2022.12.10"]
[SourceQuality "1"]

1. e3 {[%emt 0:00:14]} c5 {[%emt 0:04:28]} 2. Nf3 {[%emt 0:00:22]} g6 {[%emt 0:00:13]} 3. d4 {[%emt 0:00:22]} d5 {[%emt 0:00:53]} 4. b3 {[%emt 0:02:26]} Nc6 {[%emt 0:01:39]} 5. Bb2 {[%emt 0:00:23]} Bg7 {[%emt 0:00:07]} 6. Nbd2 {[%emt 0:00:41]} Nf6 {[%emt 0:02:29]} 7. Be2 {[%emt 0:03:39]} O-O {[%emt 0:01:23]} 8. O-O {[%emt 0:00:50]} b6 {[%emt 0:01:36]} 9. c4 {[%emt 0:01:42]} cxd4 {[%emt 0:06:25]} 10. Nxd4 {[%emt 0:03:57]} Nxd4 {[%emt 0:03:01]} 11. Bxd4 {[%emt 0:02:57]} Bb7 {[%emt 0:01:08]} 12. Rc1 {[%emt 0:02:28]} Qb8 {[%emt 0:06:54]} 13. Nf3 {[%emt 0:03:44]} e6 {[%emt 0:02:40]} 14. c5 {[%emt 0:11:27]} bxc5 {[%emt 0:01:39]} 15. Bxc5 {[%emt 0:02:55]} Rd8 {[%emt 0:02:06]} 16. Bd4 {[%emt 0:02:23]} Ne4 {[%emt 0:02:51]} 17. Bxg7 {[%emt 0:02:13]} Kxg7 {[%emt 0:00:06]} 18. Qd4+ {[%emt 0:00:34]} Kg8 {[%emt 0:00:51]} 19. Rc2 {[%emt 0:02:14]} Qd6 {[%emt 0:02:29]} 20. Rfc1 {[%emt 0:02:17]} Qb6 {[%emt 0:01:51]} 21. Rc7 {[%emt 0:10:40]} Rdc8 {[%emt 0:05:34]} 22. Rxc8+ {[%emt 0:04:15]} Rxc8 {[%emt 0:00:25]} 23. Rxc8+ {[%emt 0:00:14]} Bxc8 {[%emt 0:00:06]} 24. Qxb6 {[%emt 0:03:22]} axb6 {[%emt 0:00:07]} 25. Bd3 {[%emt 0:00:23]} Nc5 {[%emt 0:01:22]} 26. Bb5 {[%emt 0:00:30]} Ne4 {[%emt 0:00:11]} 27. Bd3 {[%emt 0:00:17]} Nc5 {[%emt 0:00:06]} 28. Bb5 {[%emt 0:00:33]} Ne4 {[%emt 0:01:06]} 29. Bd3 {[%emt 0:00:55]} Nc5 {[%emt 0:00:14]} 30. Bb5 {[%emt 0:00:16]} Ne4 {[%emt 0:00:07]} 1/2-1/2

[Event "Torneo Benidorm Gran Hotel Bali - B 2022"]
[Site "Benidorm ESP"]
[Date "2022.12.06"]
[Round "4.10"]
[White "Ferro Martinez, Damian"]
[Black "Urios Hernandez, Ramon"]
[Result "1-0"]
[WhiteElo "1911"]
[BlackElo "1819"]
[PlyCount "137"]
[EventDate "2022.12.03"]
[EventType "swiss"]
[EventRounds "9"]
[EventCountry "ESP"]
[SourceTitle "Ajedrez en Madrid"]
[Source "lmi"]
[SourceDate "2022.12.03"]
[SourceVersion "1"]
[SourceVersionDate "2022.12.10"]
[SourceQuality "1"]

1. d4 {[%emt 0:00:11]} Nf6 {[%emt 0:00:10]} 2. Bf4 {[%emt 0:00:06]} g6 {[%emt 0:01:10]} 3. Nf3 {[%emt 0:00:04]} Bg7 {[%emt 0:00:23]} 4. c3 {[%emt 0:00:05]} d6 {[%emt 0:03:00]} 5. Nbd2 {[%emt 0:00:06]} O-O {[%emt 0:00:42]} 6. e4 {[%emt 0:00:06]} Nbd7 {[%emt 0:05:08]} 7. Be2 {[%emt 0:00:08]} Qe8 {[%emt 0:03:01]} 8. h3 {[%emt 0:00:26]} e5 {[%emt 0:00:34]} 9. dxe5 {[%emt 0:03:28]} dxe5 {[%emt 0:00:52]} 10. Be3 {[%emt 0:00:05]} b6 {[%emt 0:04:27]} 11. Qc2 {[%emt 0:00:27]} Bb7 {[%emt 0:00:15]} 12. O-O {[%emt 0:00:09]} Nh5 {[%emt 0:07:54]} 13. Rfe1 {[%emt 0:00:23]} Nf4 {[%emt 0:01:30]} 14. Bf1 {[%emt 0:00:05]} Qe7 {[%emt 0:01:46]} 15. a4 {[%emt 0:01:09]} Rfd8 {[%emt 0:02:51]} 16. a5 {[%emt 0:00:58]} Nc5 {[%emt 0:05:06]} 17. b4 {[%emt 0:07:41]} Nce6 {[%emt 0:00:09]} 18. Nc4 {[%emt 0:01:10]} Ng5 {[%emt 0:00:56]} 19. Nxg5 {[%emt 0:00:51]} Qxg5 {[%emt 0:00:22]} 20. g3 {[%emt 0:00:37]} f5 {[%emt 0:02:13]} 21. Bg2 {[%emt 0:11:06]} Bxe4 {[%emt 0:09:35]} 22. Bxe4 {[%emt 0:02:33]} fxe4 {[%emt 0:01:35]} 23. Qxe4 {[%emt 0:00:35]} Nxh3+ {[%emt 0:03:46]} 24. Kg2 {[%emt 0:00:56]} Nf4+ {[%emt 0:01:37]} 25. Kf1 {[%emt 0:00:19]} Qh5 {[%emt 0:05:55]} 26. gxf4 {[%emt 0:00:10]} exf4 {[%emt 0:01:24]} 27. Bd4 {[%emt 0:03:40]} Qh3+ {[%emt 0:03:46]} 28. Kg1 {[%emt 0:04:50]} f3 {[%emt 0:07:36]} 29. Qe6+ {[%emt 0:01:50]} Qxe6 {[%emt 0:00:02]} 30. Rxe6 Bxd4 {[%emt 0:00:02]} 31. cxd4 {[%emt 0:00:09]} Rxd4 {[%emt 0:00:14]} 32. Rc6 {[%emt 0:04:41]} Rg4+ {[%emt 0:00:15]} 33. Kf1 {[%emt 0:00:37]} Rh4 {[%emt 0:00:13]} 34. Kg1 {[%emt 0:00:45]} Rg4+ {[%emt 0:00:02]} 35. Kh2 {[%emt 0:01:42]} Rg2+ {[%emt 0:00:15]} 36. Kh3 {[%emt 0:00:01]} Rf8 {[%emt 0:02:22]} 37. Ne3 {[%emt 0:00:43]} Rxf2 {[%emt 0:00:38]} 38. Rxc7 {[%emt 0:06:47]} Re2 {[%emt 0:00:37]} 39. Nf1 {[%emt 0:01:21]} Rb2 {[%emt 0:04:41]} 40. axb6 {[%emt 0:00:19]} axb6 {[%emt 0:04:41]} 41. Raa7 {[%emt 0:01:13]} Rf4 {[%emt 0:04:18]} 42. Rg7+ {[%emt 0:02:49]} Kf8 {[%emt 0:01:21]} 43. Rxh7 {[%emt 0:00:09]} Kg8 {[%emt 0:00:01]} 44. Rhg7+ {[%emt 0:12:16]} Kf8 {[%emt 0:00:05]} 45. Rgb7 {[%emt 0:00:36]} Kg8 {[%emt 0:00:05]} 46. Rb8+ {[%emt 0:00:14]} Rf8 {[%emt 0:00:49]} 47. Rbb7 {[%emt 0:01:18]} Rf6 {[%emt 0:01:25]} 48. Rb8+ {[%emt 0:00:04]} Rf8 {[%emt 0:00:13]} 49. Rxb6 {[%emt 0:00:02]} Rg2 {[%emt 0:02:12]} 50. Ne3 {[%emt 0:04:18]} Rg1 {[%emt 0:01:49]} 51. Rbb7 {[%emt 0:05:41]} Rh1+ {[%emt 0:01:24]} 52. Kg3 {[%emt 0:00:14]} f2 {[%emt 0:01:02]} 53. Rg7+ {[%emt 0:01:57]} Kh8 {[%emt 0:00:22]} 54. Rgf7 {[%emt 0:00:06]} Rxf7 {[%emt 0:02:32]} 55. Rxf7 {[%emt 0:00:09]} Rb1 {[%emt 0:00:05]} 56. Kxf2 {[%emt 0:07:01]} Rxb4 {[%emt 0:00:06]} 57. Nd5 {[%emt 0:00:10]} Rb2+ {[%emt 0:01:25]} 58. Kg3 {[%emt 0:00:12]} Kg8 {[%emt 0:00:04]} 59. Ra7 {[%emt 0:00:13]} g5 {[%emt 0:01:45]} 60. Kg4 {[%emt 0:01:24]} Kf8 {[%emt 0:02:16]} 61. Ne3 {[%emt 0:02:28]} Re2 {[%emt 0:00:19]} 62. Nf5 {[%emt 0:00:50]} Rg2+ {[%emt 0:00:54]} 63. Kf3 {[%emt 0:03:24]} Rg1 {[%emt 0:00:44]} 64. Ne3 {[%emt 0:00:12]} Kg8 {[%emt 0:01:18]} 65. Nd5 {[%emt 0:00:40]} Rf1+ {[%emt 0:00:50]} 66. Kg4 {[%emt 0:00:05]} Rg1+ {[%emt 0:00:32]} 67. Kf5 {[%emt 0:00:19]} Kf8 {[%emt 0:01:35]} 68. Nf6 {[%emt 0:02:55]} Rf1+ {[%emt 0:00:36]} 69. Kg6 {[%emt 0:00:06]} 1-0

[Event "Torneo Benidorm Gran Hotel Bali - B 2022"]
[Site "Benidorm ESP"]
[Date "2022.12.06"]
[Round "4.11"]
[White "Wu, Yugong"]
[Black "Reig Albero, Ferran"]
[Result "1/2-1/2"]
[WhiteElo "1745"]
[BlackElo "1908"]
[PlyCount "137"]
[EventDate "2022.12.03"]
[EventType "swiss"]
[EventRounds "9"]
[EventCountry "ESP"]
[SourceTitle "Ajedrez en Madrid"]
[Source "lmi"]
[SourceDate "2022.12.03"]
[SourceVersion "1"]
[SourceVersionDate "2022.12.10"]
[SourceQuality "1"]

1. d4 {[%emt 0:00:02]} d5 {[%emt 0:01:23]} 2. Nf3 {[%emt 0:00:38]} Nf6 {[%emt 0:00:11]} 3. c4 {[%emt 0:00:11]} e6 {[%emt 0:00:14]} 4. g3 {[%emt 0:00:07]} dxc4 {[%emt 0:00:43]} 5. Bg2 {[%emt 0:04:13]} c5 {[%emt 0:00:32]} 6. O-O {[%emt 0:00:38]} Nc6 {[%emt 0:00:27]} 7. Qa4 {[%emt 0:01:27]} Bd7 {[%emt 0:00:30]} 8. dxc5 {[%emt 0:04:17]} Na5 {[%emt 0:06:05]} 9. Qc2 {[%emt 0:02:18]} Bxc5 {[%emt 0:02:56]} 10. Bd2 {[%emt 0:21:25]} Rc8 {[%emt 0:05:12]} 11. Ne5 {[%emt 0:10:23]} Nc6 {[%emt 0:00:19]} 12. Nxd7 {[%emt 0:03:16]} Qxd7 {[%emt 0:00:23]} 13. Bc3 {[%emt 0:14:26]} O-O {[%emt 0:09:11]} 14. Bxf6 {[%emt 0:03:54]} gxf6 {[%emt 0:00:09]} 15. Qxc4 {[%emt 0:01:16]} Qd4 {[%emt 0:02:16]} 16. Qxd4 {[%emt 0:02:18]} Nxd4 {[%emt 0:03:44]} 17. Nc3 {[%emt 0:04:58]} Bb4 18. Bxb7 {[%emt 0:07:59]} Rc7 19. Bf3 {[%emt 0:13:09]} Bxc3 {[%emt 0:00:24]} 20. bxc3 {[%emt 0:01:00]} Rxc3 21. Kg2 {[%emt 0:06:25]} Nxf3 {[%emt 0:03:35]} 22. exf3 Rd8 {[%emt 0:02:49]} 23. Rfd1 Rxd1 {[%emt 0:02:47]} 24. Rxd1 Rc2 {[%emt 0:01:01]} 25. a4 Rc4 {[%emt 0:01:50]} 26. Ra1 a5 {[%emt 0:01:01]} 27. g4 {[%emt 0:02:41]} Kg7 {[%emt 0:05:34]} 28. Kg3 {[%emt 0:00:47]} e5 {[%emt 0:00:12]} 29. h3 Kg6 {[%emt 0:02:12]} 30. Ra3 f5 {[%emt 0:06:27]} 31. gxf5+ {[%emt 0:01:30]} Kxf5 {[%emt 0:00:32]} 32. Ra2 {[%emt 0:01:04]} Kg5 {[%emt 0:00:37]} 33. Re2 {[%emt 0:02:53]} Kf5 {[%emt 0:01:58]} 34. Ra2 {[%emt 0:00:12]} f6 {[%emt 0:00:24]} 35. Ra3 {[%emt 0:00:10]} Kg5 {[%emt 0:00:12]} 36. Ra2 {[%emt 0:00:18]} h5 {[%emt 0:00:50]} 37. Ra3 {[%emt 0:02:54]} f5 {[%emt 0:01:51]} 38. Kg2 {[%emt 0:01:07]} Kf4 {[%emt 0:00:45]} 39. Kh2 {[%emt 0:00:30]} e4 {[%emt 0:02:56]} 40. fxe4 {[%emt 0:01:36]} fxe4 {[%emt 0:00:36]} 41. Kg2 {[%emt 0:00:30]} Rd4 {[%emt 0:01:11]} 42. Ra2 {[%emt 0:00:47]} Rd3 {[%emt 0:03:44]} 43. Ra1 {[%emt 0:01:07]} Rd2 {[%emt 0:00:35]} 44. Ra3 {[%emt 0:00:11]} h4 {[%emt 0:00:14]} 45. Kg1 {[%emt 0:00:32]} Rd3 {[%emt 0:01:28]} 46. Ra1 {[%emt 0:00:49]} Rxh3 {[%emt 0:00:38]} 47. Kg2 {[%emt 0:00:23]} Rd3 {[%emt 0:00:29]} 48. Rc1 {[%emt 0:00:27]} Rd4 {[%emt 0:00:32]} 49. Ra1 {[%emt 0:00:39]} Kg4 {[%emt 0:00:59]} 50. Ra3 {[%emt 0:00:29]} Rd3 {[%emt 0:01:13]} 51. Ra1 {[%emt 0:00:19]} h3+ {[%emt 0:00:31]} 52. Kh2 {[%emt 0:00:40]} Kf3 {[%emt 0:03:13]} 53. Ra2 {[%emt 0:00:41]} Rd5 {[%emt 0:00:02]} 54. Rc2 {[%emt 0:00:29]} Rg5 {[%emt 0:00:38]} 55. Kh1 {[%emt 0:00:32]} Rg2 {[%emt 0:00:50]} 56. Rc3+ {[%emt 0:00:16]} Kxf2 {[%emt 0:00:26]} 57. Rf3+ {[%emt 0:00:22]} Ke1 {[%emt 0:03:29]} 58. Rf1+ {[%emt 0:00:08]} Kd2 {[%emt 0:00:31]} 59. Rd1+ {[%emt 0:00:12]} Kc3 {[%emt 0:01:16]} 60. Rd3+ {[%emt 0:00:02]} Kc4 {[%emt 0:01:22]} 61. Rc3+ {[%emt 0:00:53]} Kb4 {[%emt 0:01:18]} 62. Rb3+ {[%emt 0:00:01]} Kxa4 {[%emt 0:00:56]} 63. Ra3+ {[%emt 0:00:04]} Kb4 {[%emt 0:00:13]} 64. Rb3+ {[%emt 0:00:03]} Kc4 {[%emt 0:00:22]} 65. Rc3+ {[%emt 0:00:15]} Kd4 {[%emt 0:00:06]} 66. Rd3+ {[%emt 0:00:18]} Ke5 {[%emt 0:00:30]} 67. Rd5+ {[%emt 0:00:04]} Kf4 {[%emt 0:00:16]} 68. Rf5+ {[%emt 0:00:14]} Kg4 {[%emt 0:00:23]} 69. Rf4+ {[%emt 0:02:24]} 1/2-1/2

[Event "Torneo Benidorm Gran Hotel Bali - B 2022"]
[Site "Benidorm ESP"]
[Date "2022.12.06"]
[Round "4.12"]
[White "Donate Moreno, David"]
[Black "Prudhvi, Kumar V"]
[Result "1-0"]
[WhiteElo "1891"]
[BlackElo "1733"]
[PlyCount "67"]
[EventDate "2022.12.03"]
[EventType "swiss"]
[EventRounds "9"]
[EventCountry "ESP"]
[SourceTitle "Ajedrez en Madrid"]
[Source "lmi"]
[SourceDate "2022.12.03"]
[SourceVersion "1"]
[SourceVersionDate "2022.12.10"]
[SourceQuality "1"]

1. e4 c5 {[%emt 0:03:45]} 2. Nf3 {[%emt 0:00:23]} Nc6 {[%emt 0:00:18]} 3. d4 {[%emt 0:00:18]} cxd4 {[%emt 0:00:08]} 4. Nxd4 {[%emt 0:00:14]} e5 {[%emt 0:00:05]} 5. Nb5 {[%emt 0:01:50]} d6 {[%emt 0:00:08]} 6. N1c3 {[%emt 0:00:38]} a6 {[%emt 0:00:08]} 7. Na3 {[%emt 0:00:14]} Be7 {[%emt 0:00:12]} 8. Be2 {[%emt 0:01:30]} Nf6 {[%emt 0:01:02]} 9. Bg5 {[%emt 0:01:41]} b5 {[%emt 0:03:08]} 10. Bxf6 {[%emt 0:01:09]} Bxf6 {[%emt 0:02:19]} 11. Nd5 {[%emt 0:01:09]} O-O {[%emt 0:01:06]} 12. O-O {[%emt 0:02:55]} Bg5 {[%emt 0:01:36]} 13. c4 {[%emt 0:04:06]} b4 {[%emt 0:00:48]} 14. Nc2 {[%emt 0:00:18]} a5 {[%emt 0:00:54]} 15. b3 {[%emt 0:02:08]} Kh8 {[%emt 0:02:42]} 16. Bf3 {[%emt 0:09:20]} Be6 {[%emt 0:02:40]} 17. Nde3 {[%emt 0:04:27]} g6 {[%emt 0:13:50]} 18. Qd3 {[%emt 0:04:08]} Qb6 {[%emt 0:02:01]} 19. Rfd1 {[%emt 0:11:38]} Rad8 {[%emt 0:00:28]} 20. Nd5 {[%emt 0:06:53]} Qa7 {[%emt 0:01:49]} 21. a3 {[%emt 0:00:33]} bxa3 {[%emt 0:06:47]} 22. Rxa3 {[%emt 0:07:22]} f5 {[%emt 0:08:56]} 23. Nc3 {[%emt 0:10:09]} Qb6 {[%emt 0:09:29]} 24. Qe2 {[%emt 0:09:31]} fxe4 {[%emt 0:07:42]} 25. Qxe4 {[%emt 0:02:08]} Nb4 {[%emt 0:07:12]} 26. Qe2 {[%emt 0:06:17]} Nxc2 {[%emt 0:09:14]} 27. Qxc2 {[%emt 0:00:07]} Rf7 {[%emt 0:08:09]} 28. Bd5 {[%emt 0:04:30]} Rdf8 {[%emt 0:04:39]} 29. Ne4 {[%emt 0:00:32]} Bxd5 {[%emt 0:01:52]} 30. Rxd5 {[%emt 0:04:15]} Rf4 {[%emt 0:01:11]} 31. Ra2 {[%emt 0:02:03]} Qb4 {[%emt 0:00:19]} 32. Kf1 {[%emt 0:01:10]} Bd8 {[%emt 0:00:48]} 33. Rb5 {[%emt 0:00:10]} Rxe4 {[%emt 0:00:54]} 34. Rxb4 {[%emt 0:00:15]} 1-0

[Event "Torneo Benidorm Gran Hotel Bali - B 2022"]
[Site "Benidorm ESP"]
[Date "2022.12.06"]
[Round "5.1"]
[White "Gutierrez Marco, Dario"]
[Black "Amoros Moran, Jose Joaquin"]
[Result "1/2-1/2"]
[WhiteElo "1949"]
[BlackElo "1830"]
[PlyCount "48"]
[EventDate "2022.12.03"]
[EventType "swiss"]
[EventRounds "9"]
[EventCountry "ESP"]
[SourceTitle "Ajedrez en Madrid"]
[Source "lmi"]
[SourceDate "2022.12.03"]
[SourceVersion "1"]
[SourceVersionDate "2022.12.10"]
[SourceQuality "1"]

1. e4 {[%emt 0:00:03]} c5 {[%emt 0:05:09]} 2. Nc3 {[%emt 0:00:30]} Nc6 {[%emt 0:00:16]} 3. Bb5 {[%emt 0:00:14]} Nd4 {[%emt 0:01:12]} 4. Nf3 {[%emt 0:00:06]} a6 {[%emt 0:01:50]} 5. Bd3 {[%emt 0:00:07]} g6 {[%emt 0:04:37]} 6. O-O {[%emt 0:03:40]} Bg7 {[%emt 0:01:40]} 7. Nxd4 {[%emt 0:00:32]} cxd4 {[%emt 0:02:06]} 8. Ne2 {[%emt 0:00:02]} d6 {[%emt 0:02:00]} 9. c3 {[%emt 0:03:42]} dxc3 {[%emt 0:02:19]} 10. dxc3 {[%emt 0:00:09]} Nf6 {[%emt 0:00:23]} 11. Bf4 {[%emt 0:13:14]} O-O {[%emt 0:03:39]} 12. Qd2 {[%emt 0:01:55]} Ng4 {[%emt 0:03:30]} 13. Bc4 {[%emt 0:08:54]} Ne5 {[%emt 0:04:22]} 14. Bb3 {[%emt 0:00:13]} b5 {[%emt 0:02:20]} 15. Bh6 {[%emt 0:02:46]} Bb7 {[%emt 0:04:42]} 16. Bxg7 {[%emt 0:01:31]} Kxg7 {[%emt 0:00:03]} 17. Bd5 {[%emt 0:07:08]} Qc8 {[%emt 0:06:58]} 18. Qd4 {[%emt 0:09:06]} Bxd5 {[%emt 0:05:27]} 19. exd5 {[%emt 0:04:05]} Qc4 {[%emt 0:01:18]} 20. Rfe1 {[%emt 0:05:59]} Qxd4 {[%emt 0:06:22]} 21. Nxd4 {[%emt 0:00:33]} Rfe8 {[%emt 0:00:56]} 22. a4 {[%emt 0:04:19]} Nd3 {[%emt 0:08:57]} 23. Re2 {[%emt 0:02:06]} Nf4 {[%emt 0:09:29]} 24. Ree1 {[%emt 0:00:05]} Nxd5 {[%emt 0:00:03]} 1/2-1/2